[Event "Kleve- Duisburg"]
[Site "?"]
[Date "2022.10.30"]
[Round "3.5"]
[White "Usdenski, Andreas"]
[Black "Huysman, Arie Cornelis"]
[Result "0-1"]
[WhiteElo "1732"]
[BlackElo "2018"]
[PlyCount "74"]
[SourceVersionDate "2023.06.22"]

1. d4 Nf6 2. Bf4 e6 3. e3 c5 4. c3 d5 5. Nd2 Nc6 6. Ngf3 Bd6 7. Bg3 O-O 8. Bd3
Bxg3 9. hxg3 Qd6 10. Qc2 g6 11. O-O-O Ng4 12. dxc5 Qxc5 13. Nb3 Qe7 14. e4 dxe4
15. Bxe4 Bd7 16. Rh4 f5 17. Bd3 Kg7 18. Kb1 e5 19. Rdh1 h5 20. Nh2 Nf6 21. Nf1
e4 22. Be2 Rac8 23. Qd2 Be6 24. Nd4 Nxd4 25. Qxd4 Rfd8 26. Qa4 Qc5 27. f3 Qf2
28. Bd1 Qe1 29. Kc1 Bc4 30. g4 Bxf1 31. a3 e3 32. gxh5 e2 33. h6+ Kh7 34. Rd4
Rxc3+ 35. bxc3 Qxc3+ 36. Qc2 Qa1+ 37. Qb1 exd1=Q+ 0-1

[Event "Kleve- Duisburg"]
[Site "?"]
[Date "2022.10.30"]
[Round "3.6"]
[White "Krebbers, Wilfried"]
[Black "Mroczek, Mathias"]
[Result "1/2-1/2"]
[WhiteElo "2055"]
[BlackElo "2105"]
[PlyCount "75"]
[SourceVersionDate "2023.06.22"]

1. b4 e5 2. Bb2 Bxb4 3. Bxe5 Nf6 4. Nf3 Nc6 5. Bb2 d5 6. e3 O-O 7. Be2 Re8 8.
O-O h6 9. d3 Bf5 10. Nbd2 Bh7 11. a3 Bf8 12. c4 dxc4 13. Nxc4 Nd5 14. Re1 Nb6
15. d4 Be4 16. Nce5 Nxe5 17. Nxe5 c5 18. Bf3 cxd4 19. Bxe4 Rxe5 20. Bxb7 Rb8
21. Qxd4 Qxd4 22. Bxd4 Ra5 23. Be4 Bxa3 24. Bc3 Ra4 25. Bc2 Ra6 26. Bd3 Ra4 27.
Bc2 Ra6 28. Bd3 Ra4 29. Bb5 Bb4 30. Bxb4 Rxb4 31. Ba6 Rd8 32. Re2 Ra4 33. Ree1
Rd2 34. Rxa4 Nxa4 35. Ra1 Nc3 36. Kf1 Ra2 37. Rxa2 Nxa2 38. Ke1 1/2-1/2

[Event "Kleve- Duisburg"]
[Site "?"]
[Date "2022.10.30"]
[Round "3.7"]
[White "Spitzer, Erwin"]
[Black "Brandt, Thorsten"]
[Result "1-0"]
[WhiteElo "1884"]
[BlackElo "1891"]
[PlyCount "65"]
[SourceVersionDate "2023.06.22"]

1. e4 e6 2. d4 d5 3. Nd2 c5 4. dxc5 Bxc5 5. Qg4 Qf6 6. Ngf3 Nc6 7. Bb5 Bd7 8.
exd5 exd5 9. Qa4 Qe7+ 10. Kf1 Nf6 11. Nb3 Bb6 12. Bg5 O-O-O 13. Qh4 h6 14. Bxf6
gxf6 15. c3 Rdg8 16. Rd1 a6 17. Bd3 Rg4 18. Qh5 Rxg2 19. Kxg2 Rg8+ 20. Kf1 Bg4
21. Bf5+ Kb8 22. Bxg4 Qe4 23. h3 Rg5 24. Nxg5 Qxh1+ 25. Ke2 Qh2 26. Qh4 Qe5+
27. Kf1 f5 28. Nf3 Qe4 29. Bh5 f4 30. Re1 Qf5 31. Qg4 Qc2 32. Qxf4+ Ka7 33.
Nfd4 1-0

[Event "Kleve- Duisburg"]
[Site "?"]
[Date "2022.10.30"]
[Round "3.8"]
[White "Van der Velden, Alain"]
[Black "Diduh, Ihor"]
[Result "0-1"]
[WhiteElo "1716"]
[BlackElo "1977"]
[PlyCount "62"]
[SourceVersionDate "2023.06.22"]

1. d4 Nf6 2. Bg5 d6 3. Nf3 Nbd7 4. e3 e5 5. Nbd2 Be7 6. Bd3 O-O 7. c3 Re8 8.
O-O b6 9. Re1 Bb7 10. e4 h6 11. Bh4 a6 12. Nf1 Rb8 13. Bg3 Bf8 14. d5 c6 15. c4
cxd5 16. cxd5 Nc5 17. b4 Nxd3 18. Qxd3 Nh5 19. Ne3 Nf4 20. Bxf4 exf4 21. Nf5
Rc8 22. Qd2 Qf6 23. Qxf4 Rc4 24. Rad1 Rxb4 25. h4 Kh8 26. Rd3 g6 27. g4 gxf5
28. g5 Qg6 29. h5 Rexe4 30. Qc1 Qxh5 31. Qc7 Qh3 0-1

[Event "Rheinhausen- Horst Emscher"]
[Site "?"]
[Date "2022.10.30"]
[Round "3.1"]
[White "Baerwolf, Steven"]
[Black "Heinert, Eugen"]
[Result "1/2-1/2"]
[WhiteElo "2213"]
[BlackElo "2135"]
[PlyCount "111"]
[SourceVersionDate "2023.06.22"]

1. e4 e6 2. c4 d5 3. cxd5 exd5 4. Qa4+ Qd7 5. Qxd7+ Nxd7 6. exd5 Ngf6 7. Nc3
Nb6 8. Nf3 Nfxd5 9. Nxd5 Nxd5 10. Bc4 Nb6 11. Bb3 Be7 12. O-O O-O 13. Re1 Bf6
14. d4 Bg4 15. Bf4 Bxf3 16. gxf3 c6 17. Be5 Bxe5 18. dxe5 Rad8 19. Rad1 Rfe8
20. f4 Kf8 21. Kg2 Ke7 22. Kf3 Rxd1 23. Rxd1 f6 24. Ke4 Nd7 25. Bc2 Rf8 26. Rg1
g6 27. f3 fxe5 28. fxe5 Rf5 29. f4 Rh5 30. Rg2 Rh3 31. f5 Rh4+ 32. Ke3 Nxe5 33.
fxg6 hxg6 34. Bxg6 Kf6 35. Bb1 a5 36. a3 Ng4+ 37. Kf3 Rxh2 38. Rxh2 Nxh2+ 39.
Kf4 Nf1 40. Ba2 a4 41. Ke4 Ke7 42. Kd3 Kd6 43. Bf7 Nh2 44. Bh5 Nf1 45. Bg6 Ng3
46. Kd4 b6 47. Bc2 b5 48. Bg6 Ne2+ 49. Ke3 Nc1 50. Kd2 Nb3+ 51. Kc3 Kc5 52. Bc2
Nd4 53. Bd1 Ne6 54. Bc2 Nf4 55. Bd1 Nd5+ 56. Kd3 1/2-1/2

[Event "Rheinhausen- Horst Emscher"]
[Site "?"]
[Date "2022.10.30"]
[Round "3.2"]
[White "Liedmann, Dennis"]
[Black "De Roda Husman, Juan"]
[Result "0-1"]
[WhiteElo "2063"]
[BlackElo "2250"]
[PlyCount "72"]
[SourceVersionDate "2023.06.22"]

1. d4 d6 2. Nf3 g6 3. Bf4 Bg7 4. e3 Nd7 5. h3 e5 6. Bh2 Qe7 7. Be2 Nh6 8. O-O
O-O 9. c4 f5 10. Nc3 c6 11. b4 Nf7 12. Qc2 e4 13. Nd2 Nf6 14. Rfe1 Be6 15. Qb3
d5 16. b5 g5 17. bxc6 bxc6 18. Qa4 Rac8 19. Nb3 f4 20. exf4 g4 21. hxg4 Bxg4
22. f3 exf3 23. Bxf3 Qd7 24. Nc5 Qf5 25. Ne6 Bxf3 26. gxf3 Rfe8 27. Nxg7 Kxg7
28. Ne2 Kh8 29. Qxa7 Rg8+ 30. Kf2 Nd6 31. cxd5 cxd5 32. Rac1 Rxc1 33. Rxc1 Qh3
34. Bg3 Nfe4+ 35. fxe4 Nxe4+ 36. Ke1 Qh1+ 0-1

[Event "Rheinhausen- Horst Emscher"]
[Site "?"]
[Date "2022.10.30"]
[Round "3.4"]
[White "Proettel, Sven"]
[Black "de Mie, Mariska"]
[Result "1-0"]
[WhiteElo "2106"]
[BlackElo "2089"]
[PlyCount "47"]
[SourceVersionDate "2023.06.22"]

1. e4 c5 2. Nc3 e6 3. f4 d5 4. Nf3 dxe4 5. Nxe4 Nf6 6. Bb5+ Bd7 7. Bxd7+ Nbxd7
8. d3 Nxe4 9. dxe4 Nf6 10. Qe2 Qb6 11. O-O Be7 12. Kh1 O-O 13. b3 Qc6 14. Re1
Qc7 15. Ne5 Rad8 16. Bb2 Bd6 17. Nd3 Be7 18. c4 Nd7 19. Rad1 Bf6 20. e5 Be7 21.
f5 exf5 22. Nf4 Rfe8 23. e6 Bd6 24. exf7+ 1-0

[Event "Rheinhausen- Horst Emscher"]
[Site "?"]
[Date "2022.10.30"]
[Round "3.4"]
[White "Weichert, Eddy"]
[Black "Jentzsch, David"]
[Result "1-0"]
[WhiteElo "1956"]
[BlackElo "1975"]
[PlyCount "79"]
[SourceVersionDate "2023.06.22"]

1. e4 e5 2. Nf3 Nc6 3. Bb5 a6 4. Ba4 Nf6 5. O-O Be7 6. Re1 b5 7. Bb3 d6 8. c3
O-O 9. h3 Nb8 10. d4 Nbd7 11. Nbd2 Bb7 12. Bc2 Re8 13. Nf1 Bf8 14. Ng3 g6 15.
b3 c5 16. d5 c4 17. bxc4 bxc4 18. Ba4 Qa5 19. Rb1 Reb8 20. Rb4 Nb6 21. Be3 Nfd7
22. Bxd7 Nxd7 23. Qd2 Bc8 24. Rxc4 Nb6 25. Rb4 Na4 26. Reb1 Rxb4 27. cxb4 Qb5
28. Bh6 Bxh6 29. Qxh6 f6 30. Rc1 Bd7 31. Nh4 Rc8 32. Rxc8+ Bxc8 33. Nxg6 hxg6
34. Qxg6+ Kf8 35. Qxf6+ Ke8 36. Qxd6 Kf7 37. Nh5 Qb6 38. Qxe5 Bd7 39. Qg7+ Ke8
40. Nf6+ 1-0

[Event "Rheinhausen- Horst Emscher"]
[Site "?"]
[Date "2022.10.30"]
[Round "3.6"]
[White "Feldhaus, Sebastian"]
[Black "Doenges, Dirk"]
[Result "1-0"]
[WhiteElo "2044"]
[BlackElo "1840"]
[PlyCount "117"]
[SourceVersionDate "2023.06.22"]

1. d4 d5 2. c4 c6 3. Nc3 Nf6 4. e3 g6 5. Bd3 Bg7 6. Nf3 b6 7. cxd5 Nxd5 8. e4
Nxc3 9. bxc3 O-O 10. O-O Bb7 11. Rb1 Nd7 12. Ba3 Re8 13. e5 e6 14. Be4 Qc8 15.
Qa4 b5 16. Qb3 Nb6 17. Nd2 Qd7 18. f4 Bh6 19. Bf3 Bxf4 20. Ne4 Qd8 21. Nf6+ Kg7
22. Nxe8+ Qxe8 23. Bc1 Bxc1 24. Rbxc1 Nc4 25. Rf2 Rd8 26. Re1 Rd7 27. Be4 Qd8
28. Bd3 Nb6 29. Ref1 Nd5 30. Rf3 a6 31. c4 Nb6 32. c5 Nd5 33. Be4 Nc7 34. Qe3
Re7 35. Rh3 Qg8 36. Bxg6 fxg6 37. Qh6+ Kh8 38. Rf8 Rg7 39. Rhf3 Nd5 40. Rxg8+
Kxg8 41. Qh4 Re7 42. Qe4 Bc8 43. Rf2 Rf7 44. Rxf7 Kxf7 45. Qh4 Ne7 46. Qxh7+
Ke8 47. g4 a5 48. Qh3 Ba6 49. Qh8+ Kd7 50. Qa8 Bc8 51. Qa7+ Ke8 52. Qxa5 Bd7
53. a4 bxa4 54. Qxa4 Nd5 55. Qa8+ Ke7 56. Qh8 Be8 57. Qg7+ Bf7 58. h4 Ke8 59.
h5 1-0

[Event "Rheinhausen- Horst Emscher"]
[Site "?"]
[Date "2022.10.30"]
[Round "3.7"]
[White "Rydzewski, Klaus"]
[Black "Mohrholz, Stefan"]
[Result "1/2-1/2"]
[WhiteElo "2081"]
[BlackElo "1996"]
[PlyCount "49"]
[SourceVersionDate "2023.06.22"]

1. e4 c5 2. c3 e6 3. d4 d5 4. e5 Nc6 5. Nf3 Qb6 6. a3 Bd7 7. b4 cxd4 8. cxd4
Rc8 9. Be3 f5 10. exf6 Nxf6 11. Bd3 Be7 12. O-O O-O 13. Nbd2 Ng4 14. Qe2 Nxe3
15. fxe3 Bf6 16. Nb3 Rce8 17. Nc5 Bc8 18. Ne5 Bxe5 19. dxe5 Qc7 20. Rac1 Qxe5
21. Nb3 Qd6 22. Qh5 g6 23. Bxg6 hxg6 24. Qxg6+ Kh8 25. Qh6+ 1/2-1/2

[Event "Rheinhausen- Horst Emscher"]
[Site "?"]
[Date "2022.10.30"]
[Round "3.8"]
[White "Hartz, Erik"]
[Black "Bietz, Florian"]
[Result "1-0"]
[WhiteElo "1997"]
[BlackElo "1761"]
[PlyCount "111"]
[SourceVersionDate "2023.06.22"]

1. Nf3 d5 2. e3 Nf6 3. c4 c6 4. b3 g6 5. Bb2 Bg7 6. Be2 Bg4 7. O-O O-O 8. d3
Nbd7 9. h3 Bxf3 10. Bxf3 Re8 11. Nc3 Nb6 12. a4 a5 13. Rb1 e5 14. cxd5 Nbxd5
15. Nxd5 cxd5 16. d4 e4 17. Be2 Bf8 18. Bb5 Re6 19. Rc1 Ne8 20. Qd2 Qb6 21. Rc2
Nc7 22. Bd7 Rd6 23. Bg4 f5 24. Be2 Rd7 25. Rfc1 Bd6 26. Bc3 Na6 27. Bb5 Rf7 28.
Bxa5 Qa7 29. Rc8+ Kg7 30. Rxa8 Qxa8 31. g3 g5 32. Qe2 Qb8 33. Qh5 h6 34. Be2
Nb4 35. Bxb4 Bxb4 36. h4 g4 37. Bxg4 fxg4 38. Qxg4+ Kf6 39. Rc8 Qd6 40. Rg8 Ke7
41. Rg6 Qd7 42. Qxd7+ Kxd7 43. Rb6 Be1 44. Rxb7+ Ke6 45. Rxf7 Kxf7 46. g4 Ke6
47. Kf1 Bb4 48. f4 Be7 49. h5 Kd6 50. Kg2 Kc6 51. Kg3 Kb6 52. g5 hxg5 53. h6
gxf4+ 54. Kxf4 Bf6 55. h7 Bh8 56. Kf5 1-0

[Event "Langenfeld 2- Borbeck"]
[Site "?"]
[Date "2022.10.30"]
[Round "3.1"]
[White "Loyen, Egbert"]
[Black "Keller, Karsten"]
[Result "0-1"]
[WhiteElo "2208"]
[BlackElo "2219"]
[Annotator "daniel"]
[PlyCount "92"]
[SourceVersionDate "2023.06.22"]

1. Nf3 f5 2. d3 Nc6 3. e4 e5 4. d4 fxe4 5. Nxe5 Nf6 6. Be2 Qe7 7. f4 d6 8. Nxc6
bxc6 9. O-O g6 10. c4 Bg7 11. Be3 O-O 12. Nc3 d5 13. Qa4 Bd7 14. Qa5 Bg4 15. c5
Bxe2 16. Nxe2 Ng4 17. Qd2 Rab8 18. b3 h5 19. h3 Nh6 20. Kh2 Nf5 21. Rg1 h4 22.
Rac1 Bh6 23. Rcf1 Kh7 24. Qc3 Rf6 25. Bc1 Rbf8 26. Kh1 R6f7 27. b4 e3 28. Rf3
Qe4 29. Rgf1 g5 30. fxg5 Bxg5 31. Kh2 $11 Nh6 32. Rxf7+ Rxf7 33. Rxf7+ Nxf7 34.
Qe1 Nh6 35. Ng1 Nf5 36. Nf3 Kh6 37. b5 cxb5 38. Kg1 Kh5 39. a3 a6 40. Qe2 Kh6
41. Qe1 Kh5 42. Qe2 Ng3 43. Qe1 Bf4 44. c6 Qd3 45. Nh2 Qe2 46. Nf3 Qf2+ 0-1

[Event "Langenfeld 2- Borbeck"]
[Site "?"]
[Date "2022.10.30"]
[Round "3.2"]
[White "Brochhagen, Thomas"]
[Black "Hillenbrand, Michael"]
[Result "1/2-1/2"]
[WhiteElo "1988"]
[BlackElo "2150"]
[PlyCount "53"]
[SourceVersionDate "2023.06.22"]

1. d4 g6 2. Nf3 Bg7 3. Nbd2 d6 4. e4 c5 5. c3 cxd4 6. Nxd4 Nf6 7. Bd3 Nbd7 8.
O-O O-O 9. Re1 a6 10. a4 Nc5 11. Bc2 Qc7 12. a5 Bd7 13. Nf1 e5 14. Nb3 Nxb3 15.
Bxb3 Bc6 16. f3 b6 17. axb6 Qxb6+ 18. Be3 Qc7 19. c4 Rfb8 20. Ra2 Nd7 21. Bc2
Nc5 22. Bxc5 dxc5 23. Ne3 Rb4 24. b3 a5 25. Qe2 Bh6 26. Nd5 Bxd5 27. exd5
1/2-1/2

[Event "Langenfeld 2- Borbeck"]
[Site "?"]
[Date "2022.10.30"]
[Round "3.3"]
[White "Korste, Sebastian"]
[Black "Reuter, Michael"]
[Result "0-1"]
[WhiteElo "2009"]
[BlackElo "1972"]
[PlyCount "80"]
[SourceVersionDate "2023.06.22"]

1. d4 d5 2. c4 e5 3. dxe5 d4 4. Nf3 Nc6 5. a3 a5 6. Bg5 Be7 7. Bxe7 Ngxe7 8. g3
Ng6 9. Bg2 O-O 10. O-O Ngxe5 11. Nbd2 Be6 12. Qc2 d3 13. exd3 Qxd3 14. Rac1
Qxc2 15. Rxc2 Bf5 16. Rc3 Rad8 17. Nxe5 Nxe5 18. Nf3 Nc6 19. Re1 Rfe8 20. Rce3
Rxe3 21. Rxe3 Kf8 22. Bf1 Rd1 23. Kg2 Rb1 24. b3 Ra1 25. a4 Rd1 26. Be2 Rd8 27.
h3 f6 28. g4 Bc2 29. Rc3 Be4 30. Kg3 Kf7 31. Re3 Re8 32. h4 Bc2 33. Rxe8 Kxe8
34. Nd2 Nd4 35. Bf3 Nxb3 36. Nxb3 Bxb3 37. Bxb7 Bxa4 38. Kf3 Bb3 39. Bc6+ Ke7
40. Ke4 a4 0-1

[Event "Langenfeld 2- Borbeck"]
[Site "?"]
[Date "2022.10.30"]
[Round "3.4"]
[White "Schulte- Lentz, Christian"]
[Black "Dewenter, Ulf"]
[Result "0-1"]
[WhiteElo "2099"]
[BlackElo "2110"]
[PlyCount "46"]
[SourceVersionDate "2023.06.22"]

1. d4 d5 2. c4 e6 3. Nc3 c6 4. cxd5 exd5 5. Qc2 Bd6 6. e4 dxe4 7. Bc4 Nf6 8.
Bg5 O-O 9. Nge2 Bf5 10. O-O-O b5 11. Bb3 Na6 12. Ng3 Nb4 13. Qe2 Nd3+ 14. Kb1
Bxg3 15. hxg3 Qxd4 16. Rh4 Rfe8 17. Be3 Qe5 18. Qd2 Rad8 19. Bxa7 e3 20. Qxe3
Nxf2+ 21. Kc1 Qxe3+ 22. Bxe3 Nxd1 23. Nxd1 Rxd1+ 0-1

[Event "Langenfeld 2- Borbeck"]
[Site "?"]
[Date "2022.10.30"]
[Round "3.5"]
[White "Klasmeier, Jens"]
[Black "Hess, Christian"]
[Result "1/2-1/2"]
[WhiteElo "2114"]
[BlackElo "2142"]
[PlyCount "66"]
[SourceVersionDate "2023.06.22"]

1. e4 c5 2. Nf3 Nc6 3. Bb5 Qc7 4. Nc3 e6 5. Bxc6 Qxc6 6. d4 cxd4 7. Nxd4 Qc7 8.
O-O a6 9. Kh1 d6 10. f4 Bd7 11. Be3 Nf6 12. Qf3 Be7 13. Rad1 O-O 14. f5 e5 15.
Nde2 b5 16. Bg5 Bc6 17. Bxf6 Bxf6 18. Ng3 b4 19. Nd5 Bxd5 20. Rxd5 Qxc2 21. Nh5
Rfd8 22. Rfd1 Rac8 23. R5d2 Qc5 24. g4 Bg5 25. Rd5 Qb6 26. Qg3 g6 27. h4 Be3
28. Nf6+ Kg7 29. g5 Rc2 30. Qxe5 dxe5 31. Rxd8 Bxg5 32. hxg5 Rh2+ 33. Kxh2 Qf2+
1/2-1/2

[Event "Langenfeld 2- Borbeck"]
[Site "?"]
[Date "2022.10.30"]
[Round "3.6"]
[White "Hendrichs, Udo"]
[Black "Poetter, Clemens"]
[Result "1/2-1/2"]
[WhiteElo "2032"]
[BlackElo "2069"]
[PlyCount "67"]
[SourceVersionDate "2023.06.22"]

1. d4 Nf6 2. Nf3 d5 3. e3 e6 4. Bd3 c5 5. c3 Nc6 6. O-O cxd4 7. exd4 Be7 8. Bg5
h6 9. Bh4 Qb6 10. Qe2 Bd7 11. Ne5 Nxe5 12. dxe5 Ng8 13. Bg3 a5 14. Kh1 a4 15.
f4 g6 16. Qc2 Bb5 17. Nd2 Bxd3 18. Qxd3 h5 19. c4 Rd8 20. Qc2 Qc6 21. Rac1 h4
22. Be1 h3 23. Nf3 hxg2+ 24. Kxg2 dxc4 25. Qxc4 Qxc4 26. Rxc4 b5 27. Rd4 Rc8
28. Bb4 Nh6 29. Bxe7 Kxe7 30. Rfd1 Rc7 31. R4d3 Nf5 32. R1d2 Rhc8 33. Nd4 Nxd4
34. Rxd4 1/2-1/2

[Event "Langenfeld 2- Borbeck"]
[Site "?"]
[Date "2022.10.30"]
[Round "3.8"]
[White "Ipekyilmaz, Tayfun"]
[Black "Klasmeier, Hartmut"]
[Result "0-1"]
[WhiteElo "1734"]
[BlackElo "2001"]
[PlyCount "40"]
[SourceVersionDate "2023.06.22"]

1. e4 e6 2. d4 d5 3. exd5 exd5 4. c4 Nf6 5. Bg5 Be7 6. Nc3 dxc4 7. Bxc4 c6 8.
Nge2 O-O 9. Qc2 Nbd7 10. O-O h6 11. Bf4 Nb6 12. Bb3 Nbd5 13. Nxd5 Nxd5 14. Be5
Be6 15. Bxd5 Qxd5 16. Nf4 Qd7 17. Nxe6 Qxe6 18. Rfe1 Bb4 19. Bxg7 Bxe1 20. Bxf8
Rxf8 0-1

[Event "Wattenscheid 2- Dinslaken"]
[Site "?"]
[Date "2022.10.30"]
[Round "3.1"]
[White "Sielecki, Christof"]
[Black "Peter, Thomas"]
[Result "1-0"]
[WhiteElo "2429"]
[BlackElo "2213"]
[PlyCount "59"]
[SourceVersionDate "2023.06.22"]

1. e4 e6 2. d4 d5 3. Nd2 c5 4. exd5 exd5 5. Ngf3 Nf6 6. Bb5+ Bd7 7. Bxd7+ Qxd7
8. O-O cxd4 9. Re1+ Be7 10. Ne5 Qc7 11. Ndf3 O-O 12. Bf4 Nh5 13. Ng6 Nxf4 14.
Nxe7+ Kh8 15. Nxd4 Nc6 16. Nexc6 bxc6 17. Qd2 Rad8 18. b4 Ng6 19. Qc3 Rc8 20.
Qc5 Qb6 21. g3 Rfd8 22. Re3 Qc7 23. Rae1 h6 24. b5 Qa5 25. Nxc6 Qxa2 26. Ra3
Qb2 27. Rxa7 Re8 28. Raa1 Ne5 29. Kg2 Re6 30. Reb1 1-0

[Event "Wattenscheid 2- Dinslaken"]
[Site "?"]
[Date "2022.10.30"]
[Round "3.2"]
[White "Schlehoefer, Ralf"]
[Black "Sonnenschein, Philipp"]
[Result "1/2-1/2"]
[WhiteElo "2217"]
[BlackElo "2223"]
[PlyCount "112"]
[SourceVersionDate "2023.06.22"]

1. d4 Nf6 2. c4 e6 3. Nf3 d5 4. Nc3 Bb4 5. cxd5 exd5 6. Bg5 h6 7. Bxf6 Qxf6 8.
e3 c6 9. Qb3 Qe7 10. Bd3 Nd7 11. O-O O-O 12. a3 Bd6 13. e4 dxe4 14. Nxe4 Nf6
15. Rae1 Nxe4 16. Bxe4 Be6 17. Qd1 Qf6 18. Bb1 Rad8 19. Qc2 g6 20. b4 Kg7 21.
Ba2 Bf5 22. Qc3 Rfe8 23. Ne5 Re7 24. Re3 Kg8 25. Rfe1 Bxe5 26. dxe5 Qh4 27. Qc5
Red7 28. e6 Bxe6 29. Rxe6 fxe6 30. Bxe6+ Kg7 31. Bxd7 Rxd7 32. Qxa7 Qe4 33. Rf1
Qd4 34. Qa4 Qb2 35. h4 Qf6 36. g3 Qf3 37. Qa7 g5 38. hxg5 hxg5 39. Re1 Kg6 40.
Qe3 Qxe3 41. Rxe3 Kf6 42. Kg2 g4 43. Re4 Kf5 44. Rf4+ Kg5 45. a4 Rd1 46. Rf7 b6
47. Rb7 Ra1 48. Rxb6 Rxa4 49. Kf1 Kf5 50. Rb8 Ra2 51. Ke1 Kg5 52. Rf8 Rc2 53.
Kd1 Rc4 54. Rb8 Kf5 55. Kd2 Ke4 56. Rf8 Ke5 1/2-1/2

[Event "Wattenscheid 2- Dinslaken"]
[Site "?"]
[Date "2022.10.30"]
[Round "3.3"]
[White "Welzel, Philipp"]
[Black "Lang, Daniel"]
[Result "1/2-1/2"]
[WhiteElo "2178"]
[BlackElo "2130"]
[PlyCount "85"]
[SourceVersionDate "2023.06.22"]

1. d4 d5 2. c4 e6 3. Nf3 Nf6 4. g3 Be7 5. Bg2 O-O 6. O-O c6 7. Qc2 Nbd7 8. Nbd2
b6 9. e4 Bb7 10. e5 Ne8 11. cxd5 cxd5 12. Re1 Rc8 13. Qd1 Nb8 14. Nf1 Nc6 15.
Ne3 Ba6 16. a3 b5 17. b4 Qb6 18. Qd3 Bb7 19. Rb1 Nc7 20. h4 a5 21. Bd2 axb4 22.
axb4 Ra8 23. Rec1 Na6 24. Nc2 Rfc8 25. Bf1 Ncxb4 26. Nxb4 Rxc1 27. Rxc1 Nxb4
28. Qxb5 Qxb5 29. Bxb5 Ba6 30. Bxa6 Nxa6 31. Ra1 Kf8 32. h5 h6 33. g4 Nc7 34.
Rxa8+ Nxa8 35. Ba5 Ke8 36. Kf1 Bd8 37. Bxd8 Kxd8 38. Nh4 Nc7 39. Ke2 Nb5 40.
Kd3 Na7 41. f4 Nc6 42. f5 Ke7 43. Nf3 1/2-1/2

[Event "Wattenscheid 2- Dinslaken"]
[Site "?"]
[Date "2022.10.30"]
[Round "3.4"]
[White "Gohla, Ulf"]
[Black "Ossig, Rainer"]
[Result "0-1"]
[WhiteElo "2087"]
[BlackElo "2183"]
[PlyCount "72"]
[SourceVersionDate "2023.06.22"]

1. d4 Nf6 2. c4 g6 3. Nc3 Bg7 4. e4 d6 5. Be2 O-O 6. Bg5 c5 7. d5 e6 8. Nf3
exd5 9. exd5 h6 10. Bf4 Re8 11. O-O Ne4 12. Nxe4 Rxe4 13. Bc1 Bg4 14. Bd3 Re8
15. h3 Bxf3 16. Qxf3 Nd7 17. Qg3 Be5 18. Bf4 Qf6 19. Bxe5 Rxe5 20. f4 Re7 21.
f5 g5 22. Kh1 Rae8 23. Rae1 Rxe1 24. Rxe1 Rxe1+ 25. Qxe1 Qxb2 26. Qe7 Qa1+ 27.
Kh2 Qe5+ 28. Qxe5 Nxe5 29. Be2 Kg7 30. g4 Kf6 31. Kg3 Nd7 32. Kf3 Ke5 33. Ke3
Nb6 34. Bd3 Na8 35. Be2 Nc7 36. a4 Na8 0-1

[Event "Wattenscheid 2- Dinslaken"]
[Site "?"]
[Date "2022.10.30"]
[Round "3.5"]
[White "Graeber, Ralf"]
[Black "Schmedders, Hans- Gerd"]
[Result "1-0"]
[WhiteElo "2178"]
[BlackElo "2161"]
[PlyCount "51"]
[SourceVersionDate "2023.06.22"]

1. d4 Nf6 2. Nc3 d5 3. Bf4 a6 4. e3 Bf5 5. f3 e6 6. g4 Bg6 7. h4 h6 8. Bd3 Bxd3
9. Qxd3 c5 10. O-O-O cxd4 11. exd4 Nc6 12. Nge2 g6 13. h5 gxh5 14. gxh5 Qa5 15.
Kb1 O-O-O 16. Nc1 Ne8 17. Nb3 Qb4 18. a3 Qe7 19. Na4 Nd6 20. Nbc5 Kb8 21. Qb3
Ka8 22. Nb6+ Kb8 23. Rhe1 Qc7 24. Nxd5 Nxd4 25. Nxa6+ Ka7 26. Rxd4 1-0

[Event "Wattenscheid 2- Dinslaken"]
[Site "?"]
[Date "2022.10.30"]
[Round "3.6"]
[White "Schwebel, Markus"]
[Black "Kleff, Andre"]
[Result "1/2-1/2"]
[WhiteElo "2041"]
[BlackElo "2134"]
[PlyCount "62"]
[SourceVersionDate "2023.06.22"]

1. e4 g6 2. d4 Bg7 3. Nf3 c6 4. Nc3 d5 5. h3 Nf6 6. Bd3 dxe4 7. Nxe4 Nxe4 8.
Bxe4 Nd7 9. O-O O-O 10. Bg5 h6 11. Bh4 Qb6 12. Re1 e6 13. Be7 Re8 14. Ba3 Qa5
15. c4 Kh7 16. Qc2 Qc7 17. b3 b6 18. Rad1 Bb7 19. Bb2 Rad8 20. h4 f5 21. Bd3 c5
22. d5 Nf6 23. Bxf6 Bxf6 24. h5 Kg7 25. hxg6 exd5 26. Rxe8 Rxe8 27. cxd5 Bxd5
28. Bxf5 Bxf3 29. gxf3 Re7 30. Be4 Bd4 31. Kg2 Qf4 1/2-1/2

[Event "Wattenscheid 2- Dinslaken"]
[Site "?"]
[Date "2022.10.30"]
[Round "3.7"]
[White "Cebulla, Konstantin"]
[Black "Klueting, Reiner"]
[Result "1-0"]
[WhiteElo "2096"]
[BlackElo "1911"]
[PlyCount "27"]
[SourceVersionDate "2023.06.22"]

1. d4 f5 2. Nc3 Nf6 3. Bg5 d5 4. Bxf6 exf6 5. e3 c6 6. Bd3 Na6 7. a3 Bd6 8. Qf3
g6 9. h4 Qe7 10. h5 Rg8 11. hxg6 hxg6 12. Bxa6 bxa6 13. Nxd5 cxd5 14. Qxd5 1-0

[Event "Wattenscheid 2- Dinslaken"]
[Site "?"]
[Date "2022.10.30"]
[Round "3.8"]
[White "Thelen, Thomas"]
[Black "Brockhaus, Philip"]
[Result "0-1"]
[WhiteElo "1990"]
[BlackElo "1946"]
[PlyCount "118"]
[SourceVersionDate "2023.06.22"]

1. d4 d5 2. Nf3 Nf6 3. c4 e6 4. cxd5 exd5 5. Bg5 c6 6. Qc2 h6 7. Bh4 Be7 8. Nc3
O-O 9. e3 Re8 10. Bd3 Ne4 11. Bxe7 Qxe7 12. Bxe4 dxe4 13. Ne5 Nd7 14. Qxe4 Nxe5
15. dxe5 Qxe5 16. Qxe5 Rxe5 17. O-O-O Bf5 18. Rd2 Ree8 19. Rhd1 Kf8 20. Rd4 Ke7
21. Ne4 c5 22. Nd6 cxd4 23. Nxf5+ Kf6 24. Nxd4 Rac8+ 25. Kd2 a6 26. Kd3 Rc5 27.
Re1 Rec8 28. Kd2 Ke5 29. Rd1 R8c7 30. Re1 f5 31. g3 Rd7 32. h4 Kf6 33. Kd3 Rdc7
34. Kd2 b5 35. Rh1 b4 36. Rd1 Ra5 37. Ra1 Ke5 38. Kd3 Kf6 39. Kd2 g5 40. hxg5+
hxg5 41. Ke2 Rh7 42. Nc6 Rb5 43. Rd1 Rc7 44. Nd4 Rbc5 45. Kd2 a5 46. Rh1 Kg6
47. Re1 a4 48. Rb1 b3 49. axb3 axb3 50. Nxb3 Rc2+ 51. Ke1 Rb7 52. Nd4 Rcxb2 53.
Rxb2 Rxb2 54. Kf1 Kf6 55. Kg2 g4 56. Kf1 Ke5 57. Kg2 Ke4 58. Kf1 Rd2 59. Kg2
Rxd4 0-1

[Event "Erkenschwick 2- Münster 3"]
[Site "?"]
[Date "2022.10.30"]
[Round "3.1"]
[White "Korth, Daniel"]
[Black "Sprietersbach, Kai"]
[Result "0-1"]
[WhiteElo "2162"]
[BlackElo "2050"]
[PlyCount "58"]
[SourceVersionDate "2023.06.22"]

1. d4 Nf6 2. Nf3 g6 3. Bg5 Bg7 4. Nbd2 d5 5. e3 O-O 6. c3 Nbd7 7. Bd3 c5 8. O-O
Qb6 9. Rb1 Re8 10. Re1 e5 11. dxe5 Nxe5 12. Nxe5 Rxe5 13. f4 Rxe3 14. Rxe3 c4
15. Nf1 Ng4 16. f5 Nxe3 17. Bxe3 d4 18. Bf2 cxd3 19. fxg6 hxg6 20. Ng3 Be6 21.
b3 Rd8 22. c4 Qa5 23. Rb2 Qc3 24. Rd2 Bg4 25. Qe1 Bh6 26. Qe7 Rf8 27. Be1 Bxd2
28. Ne4 Be3+ 29. Kh1 Qxe1# 0-1

[Event "Erkenschwick 2- Münster 3"]
[Site "?"]
[Date "2022.10.30"]
[Round "3.2"]
[White "Homs, Guust"]
[Black "Molinaroli, Martin"]
[Result "0-1"]
[WhiteElo "2185"]
[BlackElo "2142"]
[Annotator "daniel"]
[PlyCount "130"]
[SourceVersionDate "2023.06.22"]

1. e4 c6 2. d4 d5 3. exd5 cxd5 4. Bd3 Nc6 5. c3 g6 6. Bf4 Bg7 7. Nf3 Nh6 8. O-O
O-O 9. Qd2 Nf5 10. Re1 Nd6 11. Bh6 f6 12. Bxg7 Kxg7 13. Qc2 Bf5 14. Nbd2 Rc8
15. Bxf5 Nxf5 16. Nb3 b6 17. Qd3 Qd7 18. a4 Nd6 19. Nfd2 $11 a5 20. Qf3 Nf7 21.
Qe3 Rfe8 22. h3 e6 23. Kf1 Qc7 24. Kg1 Qd7 25. Nf3 Nd6 26. Nbd2 Nd8 27. Qd3
N8f7 28. Kf1 Qc6 29. Kg1 Nc4 30. Nxc4 Qxc4 31. Qxc4 Rxc4 32. Nd2 Rc6 33. Re3
Nd6 34. Kf1 Kf7 35. Rae1 Nf5 36. R3e2 g5 37. g3 h5 38. Kg2 Rb8 39. Nf1 Rb7 40.
Ra1 b5 41. axb5 Rxb5 42. Ra2 Rcb6 43. Kf3 Rb3 44. Ne3 Nd6 45. Rc2 f5 46. Ke2
Kf6 47. Kd3 f4 48. Nd1 Nc4 49. Re2 Rb7 50. Rc2 Ke7 51. Ke2 Kf6 52. Kf3 Kf5 53.
gxf4 gxf4 54. Re2 Rg7 55. Re1 Rg8 56. Ra4 Rb5 57. Rxc4 dxc4 58. Re4 Kf6 59.
Rxf4+ Rf5 60. Rxf5+ exf5 61. Ne3 Rb8 62. Nxc4 a4 63. Ke3 Rxb2 64. d5 Rb3 65.
Kd4 a3 0-1